Riconosci il Pokémon - Quiz n°842 - Statistics

Statistiche generali
  • Questo quiz è stato fatto 2 volte
  • Il punteggio medio è 8 su 10
Statistiche sulle risposte
Indizio Risposta % Corretto
Peso 202,0 kg; 255,0 kg (Megaevoluzione)
100%
Altezza 2,0 m; 2,5 m (Megaevoluzione)
100%
Tipo Roccia / Buio
100%
Generazione Seconda
100%
Stadio evoluzione Seconda evoluzione
100%
Tasso di cattura 45 (11.9%)
50%
Sesso 50% ♂, 50% ♀
50%
Abilità Agitazione; Sabbiafiume (Normale; Megaevoluzione)
50%
Tasso di allevamento Lento
50%
Pokémon Tyranitar
50%
Nessun quiz corrispondente trovato
Distribuzione punteggi
Percentuale di utenti per punteggio
Percentile per numero di risposta
I tuoi punteggi nel tempo
Non hai fatto questo quiz